[Event "NB-Einzel Untergriesbach"]
[Site "Niederbayern"]
[Date "2013.04.05"]
[Round "3.3"]
[White "Zinner, Bernhard"]
[Black "Mueller, Michael3"]
[Result "0-1"]
[WhiteElo "1706"]
[BlackElo "2012"]
[PlyCount "72"]
[EventDate "2013.04.??"]
[EventType "swiss"]
[EventRounds "7"]
[EventCountry "GER"]
[SourceDate "2015.06.26"]
[WhiteTeam "TV 1862 Geiselhöring"]
[BlackTeam "SC Bayerwald Regen"]
[WhiteTeamCountry "GER"]
[BlackTeamCountry "GER"]

1. d4 d6 2. Nf3 Nf6 3. c4 Nbd7 4. Nc3 e5 5. d5 a5 6. Qc2 Be7 7. g4 Nc5 8. h3 c6
9. dxc6 bxc6 10. Be3 Ne6 11. Rd1 Qc7 12. Qa4 O-O 13. Bg2 Rb8 14. Nd2 Bd7 15. g5
Nh5 16. c5 d5 17. Qh4 Nhf4 18. Bxf4 Nxf4 19. Qg3 Rxb2 20. Nb3 d4 21. Nxd4 exd4
22. Rxd4 Nxg2+ 23. Qxg2 Qe5 24. Qe4 Qxe4 25. Nxe4 Rb1+ 26. Rd1 Rxd1+ 27. Kxd1
Bf5 28. Ng3 Rd8+ 29. Ke1 Bc2 30. f4 Bxc5 31. Kf1 Rd1+ 32. Kg2 Rxh1 33. Kxh1 Bb1
34. Kg2 a4 35. e4 a3 36. Kf3 Bxa2 0-1

[Event "NB-Einzel Untergriesbach"]
[Site "Niederbayern"]
[Date "2013.04.05"]
[Round "3.4"]
[White "Heyne, Martin"]
[Black "Haselbeck, Franz"]
[Result "1/2-1/2"]
[WhiteElo "2043"]
[BlackElo "1856"]
[PlyCount "28"]
[EventDate "2013.04.??"]
[EventType "swiss"]
[EventRounds "7"]
[EventCountry "GER"]
[SourceDate "2015.06.26"]
[WhiteTeam "DJK-SV Schaibing"]
[BlackTeam "SV Deggendorf"]
[WhiteTeamCountry "GER"]
[BlackTeamCountry "GER"]

1. d4 Nf6 2. Nf3 e6 3. g3 d5 4. Bg2 c5 5. O-O Nc6 6. c4 dxc4 7. Qa4 Qb6 8. Nbd2
Qb4 9. Qxb4 Nxb4 10. dxc5 Bxc5 11. Nxc4 O-O 12. a3 Nbd5 13. b4 Bb6 14. Nxb6
axb6 1/2-1/2

[Event "NB-Einzel Untergriesbach"]
[Site "Niederbayern"]
[Date "2013.04.05"]
[Round "3.5"]
[White "Schultes, Christoph"]
[Black "Theiß, Johann"]
[Result "1/2-1/2"]
[WhiteElo "1941"]
[BlackElo "1999"]
[PlyCount "107"]
[EventDate "2013.04.??"]
[EventType "swiss"]
[EventRounds "7"]
[EventCountry "GER"]
[SourceDate "2015.06.26"]
[WhiteTeam "SK Landau-Dingolfing"]
[BlackTeam "SK Landau-Dingolfing"]
[WhiteTeamCountry "GER"]
[BlackTeamCountry "GER"]

1. d4 c5 2. d5 e5 3. c4 d6 4. Nc3 Be7 5. e4 Bg5 6. Bd3 Bxc1 7. Qxc1 Nf6 8. Nge2
Nbd7 9. O-O Nf8 10. a3 Ng6 11. Re1 O-O 12. Ng3 Nf4 13. Bf1 Ne8 14. Qd1 Qg5 15.
Nce2 g6 16. Nxf4 exf4 17. Qd2 Qe5 18. Ne2 g5 19. f3 Ng7 20. Qc3 Re8 21. Qxe5
Rxe5 22. Nc1 f6 23. Nd3 Re7 24. b4 b6 25. Rab1 Ba6 26. b5 Bc8 27. g3 Nh5 28.
Kf2 Kf7 29. Rb2 a5 30. g4 Ng7 31. Be2 h5 32. h3 Bd7 33. Rbb1 Rh8 34. Rh1 Ne8
35. Nb2 Nc7 36. Na4 Na8 37. Nc3 Kf8 38. Bd3 Rg7 39. Rbe1 Rh6 40. Kg2 Rg8 41.
Rd1 Rgh8 42. Rde1 Ke7 43. Rd1 Kd8 44. Rde1 Kc7 45. Rd1 Kb7 46. Rde1 Nc7 47. Rd1
Ne8 48. Rde1 Kc7 49. Rd1 Bc8 50. Rde1 Ng7 51. Bc2 Re8 52. Kf2 Bd7 53. Bb1 Reh8
54. Kg2 1/2-1/2

[Event "NB-Einzel Untergriesbach"]
[Site "Niederbayern"]
[Date "2013.04.05"]
[Round "3.6"]
[White "Palmi, Herbert"]
[Black "Heyne, Regina"]
[Result "1-0"]
[WhiteElo "1993"]
[BlackElo "1745"]
[PlyCount "71"]
[EventDate "2013.04.??"]
[EventType "swiss"]
[EventRounds "7"]
[EventCountry "GER"]
[SourceDate "2015.06.26"]
[WhiteTeam "SC Bayerwald Regen"]
[BlackTeam "FC Bayern München"]
[WhiteTeamCountry "GER"]
[BlackTeamCountry "GER"]

1. e4 e6 2. d3 d5 3. Nd2 dxe4 4. dxe4 Nc6 5. g3 e5 6. Bg2 Nf6 7. h3 Be6 8. Ngf3
h6 9. c3 Qd3 10. Qa4 Bd7 11. Qc4 Qxc4 12. Nxc4 Nxe4 13. Nfxe5 Nxe5 14. Nxe5 Bf5
15. O-O Nd6 16. g4 Be6 17. Re1 Be7 18. f4 O-O 19. Ng6 fxg6 20. Rxe6 Rae8 21.
Bd5 Kh7 22. Bd2 Rf6 23. Re2 c6 24. Rae1 Nc8 25. Be6 Bc5+ 26. Kg2 Nd6 27. b4 Bb6
28. c4 Bd8 29. g5 Rff8 30. c5 Nf7 31. h4 Kh8 32. h5 gxh5 33. g6 Bh4 34. gxf7
Rxe6 35. Rxe6 Bxe1 36. Re8 1-0

[Event "NB-Einzel Untergriesbach"]
[Site "Niederbayern"]
[Date "2013.04.05"]
[Round "3.7"]
[White "Kreilinger, Erich"]
[Black "Wimmer, Martin"]
[Result "0-1"]
[WhiteElo "1850"]
[BlackElo "1990"]
[PlyCount "102"]
[EventDate "2013.04.??"]
[EventType "swiss"]
[EventRounds "7"]
[EventCountry "GER"]
[SourceDate "2015.06.26"]
[WhiteTeam "TV 1862 Geiselhöring"]
[BlackTeam "DJK-SV Schaibing"]
[WhiteTeamCountry "GER"]
[BlackTeamCountry "GER"]

1. Nf3 d6 2. g3 e5 3. d3 f5 4. Nc3 Nf6 5. Bg2 c6 6. O-O Be7 7. e4 fxe4 8. dxe4
O-O 9. Qd3 Na6 10. Qe2 Bg4 11. h3 Bc8 12. a3 Nc7 13. Nb1 Qe8 14. Nh2 Qg6 15.
Nd2 Ne6 16. Nb3 Ng5 17. Bxg5 Qxg5 18. c4 Qh6 19. Ng4 Nxg4 20. hxg4 Qg5 21. f3
h5 22. Bh3 Rf6 23. Kg2 hxg4 24. Bxg4 Rg6 25. Rae1 b6 26. Nc1 Bxg4 27. fxg4 Qxg4
28. Qd3 Rh6 29. Rh1 Rxh1 30. Rxh1 Rf8 31. b4 Qe6 32. Nb3 Qf7 33. Qe2 d5 34.
cxd5 cxd5 35. Rh5 dxe4 36. Nd2 e3 37. Ne4 Qd5 38. Qxe3 Qa2+ 39. Nd2 Rd8 40.
Qb3+ Qxb3 41. Nxb3 Bf6 42. g4 Rd3 43. Rh3 Rxh3 44. Kxh3 Kf7 45. b5 Ke6 46. a4
Kd5 47. Kg3 Bg5 48. a5 Kc4 49. axb6 axb6 50. Na5+ Kxb5 51. Nb3 Kc4 0-1

[Event "NB-Einzel Untergriesbach"]
[Site "Niederbayern"]
[Date "2013.04.05"]
[Round "3.8"]
[White "Kuespert, Erwin"]
[Black "Neuwerth, Chulian"]
[Result "1-0"]
[WhiteElo "1778"]
[BlackElo "1358"]
[PlyCount "124"]
[EventDate "2013.04.??"]
[EventType "swiss"]
[EventRounds "7"]
[EventCountry "GER"]
[SourceDate "2015.06.26"]
[WhiteTeam "DJK-SV Schaibing"]
[BlackTeam "SC Castra Batava Passau"]
[WhiteTeamCountry "GER"]
[BlackTeamCountry "GER"]

1. d4 Nf6 2. Nf3 g6 3. c4 Bg7 4. Nc3 O-O 5. Bg5 d6 6. e3 Bg4 7. Be2 Nbd7 8. h3
Bxf3 9. Bxf3 c6 10. Qc2 Nb6 11. b3 Qc7 12. Bf4 Qd7 13. Rd1 d5 14. c5 Nc8 15. h4
h5 16. Qe2 Re8 17. Be5 Ng4 18. Bxg4 Qxg4 19. f3 Qd7 20. Bxg7 Kxg7 21. e4 e6 22.
e5 Rh8 23. Kd2 Qe7 24. Qe3 a6 25. Rdg1 Na7 26. g4 hxg4 27. Rxg4 Rh5 28. Ne2
Rah8 29. Qf2 Nb5 30. a4 Nc7 31. Nf4 R5h6 32. Nh3 Rxh4 33. Qg3 Rxg4 34. fxg4 Qh4
35. Qf3 Qh6+ 36. Ke2 Ne8 37. Nf2 Qg5 38. Rxh8 Kxh8 39. Qxf7 Ng7 40. Qf8+ Kh7
41. Qf3 Qd8 42. Qh3+ Kg8 43. Qh6 Qe8 44. Nh3 Qf7 45. Nf4 a5 46. Kd2 Kf8 47.
Nxg6+ Ke8 48. Nf4 Kd7 49. Ke3 Kc7 50. Qf6 Qd7 51. Qxg7 Qxg7 52. Nxe6+ Kb8 53.
Nxg7 Kc8 54. g5 Kd8 55. g6 Ke7 56. Kf4 Kf8 57. Nf5 Kg8 58. e6 Kf8 59. e7+ Ke8
60. g7 Kf7 61. e8=Q+ Kxe8 62. g8=Q+ Kd7 1-0

[Event "NB-Einzel Untergriesbach"]
[Site "Niederbayern"]
[Date "2013.04.05"]
[Round "3.9"]
[White "Sierian, Peter"]
[Black "Seidl, Josef"]
[Result "1-0"]
[WhiteElo "1723"]
[BlackElo "1258"]
[PlyCount "79"]
[EventDate "2013.04.??"]
[EventType "swiss"]
[EventRounds "7"]
[EventCountry "GER"]
[SourceDate "2015.06.26"]
[WhiteTeam "TSV Aidenbach"]
[BlackTeam "TSV Kreuzberg"]
[WhiteTeamCountry "GER"]
[BlackTeamCountry "GER"]

1. d4 d5 2. Nf3 Nf6 3. g3 g6 4. Bg2 Bg7 5. O-O O-O 6. c3 c6 7. Nbd2 Bf5 8. Nh4
Be6 9. Nhf3 Nbd7 10. Ne5 Nxe5 11. dxe5 Nd7 12. f4 Nc5 13. Kh1 Qc8 14. Nb3 b6
15. Nxc5 bxc5 16. Be3 c4 17. Bc5 Rd8 18. Bxe7 Rd7 19. Bc5 Rb7 20. b4 cxb3 21.
axb3 a5 22. b4 Rb5 23. Qd4 Bh3 24. Rxa5 Bxg2+ 25. Kxg2 Raxa5 26. bxa5 Rxa5 27.
Rb1 Qf5 28. Rb8+ Bf8 29. Bxf8 Rb5 30. Rxb5 cxb5 31. Be7 Qd7 32. Bf6 h5 33. Qc5
d4 34. Qxd4 Qxd4 35. cxd4 b4 36. Be7 b3 37. Ba3 Kg7 38. Kf3 f5 39. h4 Kf7 40.
d5 1-0

[Event "NB-Einzel Untergriesbach"]
[Site "Niederbayern"]
[Date "2013.04.05"]
[Round "3.10"]
[White "Pauli, Anton"]
[Black "Lichtmannecker, Hans"]
[Result "0-1"]
[WhiteElo "1133"]
[BlackElo "1653"]
[PlyCount "104"]
[EventDate "2013.04.??"]
[EventType "swiss"]
[EventRounds "7"]
[EventCountry "GER"]
[SourceDate "2015.06.26"]
[WhiteTeam "SV Röhrnbach e.V."]
[BlackTeam "SV Aham"]
[WhiteTeamCountry "GER"]
[BlackTeamCountry "GER"]

1. d4 d6 2. Nf3 f5 3. e3 Nf6 4. c4 c6 5. Nc3 g6 6. Be2 Bg7 7. O-O O-O 8. b4 Qc7
9. Bb2 h6 10. Rb1 Be6 11. a3 Bf7 12. Nh4 e5 13. dxe5 dxe5 14. Qc2 e4 15. Rbd1
Nbd7 16. g3 Ne5 17. Na4 b6 18. Bxe5 Qxe5 19. Qc3 Qxc3 20. Nxc3 Rad8 21. Rxd8
Rxd8 22. Rd1 Rxd1+ 23. Nxd1 Kh7 24. h3 Be6 25. Ng2 g5 26. Kh2 Bf8 27. Nc3 a5
28. bxa5 bxa5 29. a4 Bb4 30. Na2 Bd2 31. h4 Ng4+ 32. Kg1 Ne5 33. Kf1 Nxc4 34.
hxg5 hxg5 35. Ne1 Nb2 36. Nc2 c5 37. Na3 Bxa2 38. Bb5 Bb3 39. Ke2 Bb4 40. Nb1
Bd1+ 41. Kf1 Bc2 42. Bd7 Kg6 43. Be8+ Kf6 44. Na3 Bxa3 45. Bb5 Bd3+ 46. Kg2 c4
47. f4 c3 48. fxg5+ Kxg5 49. Bc6 c2 50. Bd5 c1=Q 51. g4 Qf1+ 52. Kg3 Bd6# 0-1

[Event "NB-Einzel Untergriesbach"]
[Site "Niederbayern"]
[Date "2013.04.05"]
[Round "4.1"]
[White "Heiduczek, Josef"]
[Black "Zepke, Armin"]
[Result "1-0"]
[WhiteElo "2205"]
[BlackElo "2032"]
[PlyCount "95"]
[EventDate "2013.04.??"]
[EventType "swiss"]
[EventRounds "7"]
[EventCountry "GER"]
[SourceDate "2015.06.26"]
[WhiteTeam "SC Rottal"]
[BlackTeam "SC Bayerwald Regen"]
[WhiteTeamCountry "GER"]
[BlackTeamCountry "GER"]

1. e4 e5 2. Nf3 Nf6 3. Nxe5 d6 4. Nf3 Nxe4 5. Nc3 Nxc3 6. dxc3 Nc6 7. Be3 Be7
8. Qd2 Bg4 9. Be2 Qd7 10. h3 Bxf3 11. Bxf3 Qf5 12. O-O-O Qa5 13. Bd5 O-O 14. g4
Nd8 15. Kb1 c6 16. Bg2 d5 17. f4 b5 18. f5 b4 19. Bd4 Rb8 20. f6 bxc3 21. Bxc3
Bb4 22. Bxb4 Qxb4 23. c3 Qb6 24. fxg7 Re8 25. Bf1 Ne6 26. Bd3 Nc5 27. Rh2 Nxd3
28. Qxd3 Qe3 29. Kc2 Qxd3+ 30. Kxd3 Kxg7 31. Rdd2 Re4 32. Rde2 Rbe8 33. Rxe4
Rxe4 34. Re2 Rxe2 35. Kxe2 Kf6 36. Kf3 Ke5 37. Ke3 a5 38. b4 a4 39. Kd3 Kf4 40.
Kd4 Kg3 41. Kc5 Kxh3 42. Kxc6 Kxg4 43. b5 f5 44. b6 f4 45. b7 f3 46. b8=Q f2
47. Qb5 Kf3 48. Qf1 1-0

[Event "NB-Einzel Untergriesbach"]
[Site "Niederbayern"]
[Date "2013.04.05"]
[Round "4.2"]
[White "Stadler, Alexander"]
[Black "Mueller, Michael3"]
[Result "0-1"]
[WhiteElo "2086"]
[BlackElo "2012"]
[PlyCount "46"]
[EventDate "2013.04.??"]
[EventType "swiss"]
[EventRounds "7"]
[EventCountry "GER"]
[SourceDate "2015.06.26"]
[WhiteTeam "SV Deggendorf"]
[BlackTeam "SC Bayerwald Regen"]
[WhiteTeamCountry "GER"]
[BlackTeamCountry "GER"]

1. Nf3 d6 2. d4 Nf6 3. c4 Nbd7 4. Nc3 e5 5. e4 Be7 6. Be2 O-O 7. O-O c6 8. d5
Nc5 9. Qc2 a5 10. Be3 Qc7 11. a3 Bd7 12. b4 axb4 13. axb4 Na6 14. Qb2 Ng4 15.
b5 Nxe3 16. fxe3 Qb6 17. Qd2 cxb5 18. cxb5 Nc5 19. Rad1 Ra3 20. Ne1 Qa5 21. Nb1
Qxd2 22. Nxd2 Rxe3 23. Kf2 Rc3 0-1

[Event "NB-Einzel Untergriesbach"]
[Site "Niederbayern"]
[Date "2013.04.05"]
[Round "4.4"]
[White "Kuespert, Erwin"]
[Black "Palmi, Herbert"]
[Result "1/2-1/2"]
[WhiteElo "1778"]
[BlackElo "1993"]
[PlyCount "36"]
[EventDate "2013.04.??"]
[EventType "swiss"]
[EventRounds "7"]
[EventCountry "GER"]
[SourceDate "2015.06.26"]
[WhiteTeam "DJK-SV Schaibing"]
[BlackTeam "SC Bayerwald Regen"]
[WhiteTeamCountry "GER"]
[BlackTeamCountry "GER"]

1. d4 Nf6 2. Nf3 e6 3. e3 c5 4. Bd3 d5 5. c3 Nc6 6. O-O Bd7 7. Nbd2 Qc7 8. Qe2
a6 9. b3 cxd4 10. exd4 Bd6 11. Bb2 O-O 12. Rfe1 g6 13. Ne5 Nh5 14. g3 Ng7 15.
b4 Ne7 16. a4 Rad8 17. Nb3 Bc8 18. Rec1 Qb8 1/2-1/2

[Event "NB-Einzel Untergriesbach"]
[Site "Niederbayern"]
[Date "2013.04.05"]
[Round "4.5"]
[White "Haselbeck, Franz"]
[Black "Schultes, Christoph"]
[Result "0-1"]
[WhiteElo "1856"]
[BlackElo "1941"]
[PlyCount "146"]
[EventDate "2013.04.??"]
[EventType "swiss"]
[EventRounds "7"]
[EventCountry "GER"]
[SourceDate "2015.06.26"]
[WhiteTeam "SV Deggendorf"]
[BlackTeam "SK Landau-Dingolfing"]
[WhiteTeamCountry "GER"]
[BlackTeamCountry "GER"]

1. Nf3 c5 2. g3 Nc6 3. Bg2 g6 4. O-O Bg7 5. d3 e5 6. e4 Nge7 7. c3 O-O 8. Be3
b6 9. a3 d5 10. b4 d4 11. cxd4 cxd4 12. Bg5 h6 13. Bd2 Bg4 14. b5 Nb8 15. a4
Nd7 16. Bb4 Nc5 17. Bxc5 bxc5 18. Qd2 a6 19. Na3 axb5 20. axb5 Be6 21. Rfc1 Qb6
22. Qb2 Rfb8 23. Nd2 Nc8 24. Qc2 Nd6 25. Nac4 Nxc4 26. dxc4 h5 27. Ra4 Ra5 28.
Rxa5 Qxa5 29. Nb3 Qb4 30. Bf1 Ra8 31. Rb1 Qc3 32. Qxc3 dxc3 33. Rc1 Bf8 34.
Rxc3 Ra3 35. h3 Kg7 36. Kg2 Bd6 37. Be2 Bc7 38. Bd1 Ba5 39. Rc1 Bb4 40. h4 Ra2
41. Na1 Bxc4 42. Rxc4 Rxa1 43. Be2 Ra2 44. Bd3 Rd2 45. Bf1 Kf6 46. Rc1 Ba3 47.
Ra1 Bb2 48. Ra6+ Kg7 49. Kf3 Bd4 50. Be2 Rb2 51. Rc6 f5 52. b6 fxe4+ 53. Kxe4
Rxe2+ 54. Kd5 Rb2 55. Rc7+ Kh6 56. b7 Bxf2 57. Re7 Bxg3 58. Kxc5 Bxh4 59. Re8
Rxb7 60. Rxe5 Re7 61. Rd5 Rf7 62. Kd6 Rf8 63. Ke6 Re8+ 64. Kf7 Re7+ 65. Kf8 Rg7
66. Ke8 g5 67. Rd6+ Rg6 68. Rd7 g4 69. Rd1 g3 70. Rg1 g2 71. Kf7 Bf2 72. Ra1
g1=Q 73. Rxg1 Bxg1 0-1

[Event "NB-Einzel Untergriesbach"]
[Site "Niederbayern"]
[Date "2013.04.05"]
[Round "4.6"]
[White "Bichlmeier, Juergen"]
[Black "Zinner, Bernhard"]
[Result "1-0"]
[WhiteElo "1922"]
[BlackElo "1706"]
[PlyCount "101"]
[EventDate "2013.04.??"]
[EventType "swiss"]
[EventRounds "7"]
[EventCountry "GER"]
[SourceDate "2015.06.26"]
[WhiteTeam "SC Rottal"]
[BlackTeam "TV 1862 Geiselhöring"]
[WhiteTeamCountry "GER"]
[BlackTeamCountry "GER"]

1. c4 e5 2. g3 Nf6 3. Bg2 c6 4. d4 Bb4+ 5. Bd2 Bxd2+ 6. Qxd2 exd4 7. Qxd4 O-O
8. Nc3 Qe7 9. c5 a5 10. Na4 Na6 11. a3 Nc7 12. Rd1 Nfd5 13. e4 Nb5 14. Qd3 f5
15. Ne2 fxe4 16. Qxe4 Qf7 17. O-O Re8 18. Qd3 Nbc7 19. Nec3 Nxc3 20. Qxc3 Nb5
21. Qd3 d5 22. Nb6 Bf5 23. Qd2 Rad8 24. Qxa5 Nc7 25. Rfe1 Rf8 26. Qd2 h6 27. h4
Qf6 28. f3 d4 29. Qf4 Ne6 30. Qe5 Qxe5 31. Rxe5 Nc7 32. Nc4 Nb5 33. Rd2 d3 34.
Ne3 Bh7 35. f4 Nd4 36. Rd1 Nb3 37. f5 Rfe8 38. Rxe8+ Rxe8 39. Kf2 d2 40. g4 Rd8
41. Bf1 Kf8 42. Bc4 Nxc5 43. Ke2 b5 44. Ba2 Na4 45. Rxd2 Rxd2+ 46. Kxd2 Nxb2
47. Kc3 Na4+ 48. Kb4 Ke7 49. Bb3 Kd6 50. g5 Nb6 51. g6 1-0

[Event "NB-Einzel Untergriesbach"]
[Site "Niederbayern"]
[Date "2013.04.05"]
[Round "4.7"]
[White "Theiß, Johann"]
[Black "Kreilinger, Erich"]
[Result "1-0"]
[WhiteElo "1999"]
[BlackElo "1850"]
[PlyCount "121"]
[EventDate "2013.04.??"]
[EventType "swiss"]
[EventRounds "7"]
[EventCountry "GER"]
[SourceDate "2015.06.26"]
[WhiteTeam "SK Landau-Dingolfing"]
[BlackTeam "TV 1862 Geiselhöring"]
[WhiteTeamCountry "GER"]
[BlackTeamCountry "GER"]

1. e4 c5 2. Nf3 e6 3. c4 a6 4. Nc3 Qc7 5. d4 cxd4 6. Nxd4 Nc6 7. Be3 Ne5 8. Rc1
Nf6 9. f3 Be7 10. Be2 Ng6 11. Qd2 O-O 12. O-O d6 13. Rfd1 b6 14. Bf1 Bb7 15.
Qf2 Nd7 16. a3 Rab8 17. b4 Qd8 18. Nb3 Nge5 19. h3 f5 20. exf5 Rxf5 21. Nd4 Bh4
22. Qe2 Rf6 23. f4 Ng6 24. Qd2 e5 25. Nde2 exf4 26. Nxf4 Nge5 27. Nfd5 Rg6 28.
Be2 Rc8 29. Ne4 h6 30. Kh1 Nf6 31. Nexf6+ Bxf6 32. Bf1 Bg5 33. Rc3 Rc6 34. Nf4
Bxf4 35. Bxf4 Nf7 36. Bd3 Rf6 37. Bg3 Rc7 38. Be2 Qc8 39. Bg4 Qa8 40. Kh2 Ng5
41. Re1 Ne4 42. Rxe4 Bxe4 43. Bxd6 Qd8 44. c5 bxc5 45. bxc5 Rcf7 46. Qe1 Bd5
47. Qe5 Qa8 48. c6 Bxc6 49. Be6 Rxe6 50. Qxe6 Bd7 51. Qa2 Qe8 52. Rg3 Kh7 53.
Qb2 Qe6 54. Bf8 g6 55. Bb4 Qe4 56. Qd2 h5 57. Bd6 h4 58. Re3 Qb1 59. Qd4 g5 60.
Re5 Bf5 61. Re8 $138 1-0

[Event "NB-Einzel Untergriesbach"]
[Site "Niederbayern"]
[Date "2013.04.05"]
[Round "4.8"]
[White "Heyne, Regina"]
[Black "Sierian, Peter"]
[Result "1/2-1/2"]
[WhiteElo "1745"]
[BlackElo "1723"]
[PlyCount "89"]
[EventDate "2013.04.??"]
[EventType "swiss"]
[EventRounds "7"]
[EventCountry "GER"]
[SourceDate "2015.06.26"]
[WhiteTeam "FC Bayern München"]
[BlackTeam "TSV Aidenbach"]
[WhiteTeamCountry "GER"]
[BlackTeamCountry "GER"]

1. d4 d5 2. c4 e6 3. Nf3 Nf6 4. Bg5 Nbd7 5. e3 c6 6. Nc3 Qa5 7. Bh4 Bb4 8. Qb3
Ne4 9. Rc1 O-O 10. a3 Bxc3+ 11. bxc3 Qb6 12. Qb4 Qxb4 13. cxb4 Nb6 14. cxd5
Nxd5 15. Bd3 Ndf6 16. O-O h6 17. Ne5 g5 18. Bg3 Nxg3 19. hxg3 Nd7 20. Nc4 Nb6
21. Nb2 Bd7 22. Rc2 Rfd8 23. Be2 a5 24. Nd3 axb4 25. axb4 Nd5 26. Nc5 Ra7 27.
Rb1 Be8 28. b5 b6 29. Ne4 cxb5 30. Bxb5 Bxb5 31. Rxb5 Ra1+ 32. Kh2 Ra5 33. Rcb2
Rxb5 34. Rxb5 Ra8 35. Nd6 Ra5 36. Rb3 Ra6 37. Nc4 Nf6 38. f3 Nd7 39. g4 Kf8 40.
Kg3 Ke7 41. Kh3 Kd8 42. Nd6 Ke7 43. Nc4 Kd8 44. Nd6 Ke7 45. Nc4 1/2-1/2

[Event "NB-Einzel Untergriesbach"]
[Site "Niederbayern"]
[Date "2013.04.05"]
[Round "4.9"]
[White "Neuwerth, Chulian"]
[Black "Lichtmannecker, Hans"]
[Result "1/2-1/2"]
[WhiteElo "1358"]
[BlackElo "1653"]
[PlyCount "75"]
[EventDate "2013.04.??"]
[EventType "swiss"]
[EventRounds "7"]
[EventCountry "GER"]
[SourceDate "2015.06.26"]
[WhiteTeam "SC Castra Batava Passau"]
[BlackTeam "SV Aham"]
[WhiteTeamCountry "GER"]
[BlackTeamCountry "GER"]

1. e4 c5 2. d4 Qc7 3. Nf3 cxd4 4. c3 e6 5. cxd4 Nf6 6. e5 Nd5 7. Bd2 Nc6 8. Nc3
Nxc3 9. Bxc3 d5 10. Bd3 h6 11. O-O Qb6 12. a3 Bd7 13. b4 Rc8 14. Rc1 a6 15. Bb2
Be7 16. Bb1 Qd8 17. Qd2 Bg5 18. Nxg5 hxg5 19. f4 g4 20. f5 Qh4 21. g3 Qh5 22.
f6 g5 23. Rc3 Kd8 24. Re3 Kc7 25. Re2 Kb8 26. Rc1 Na7 27. Ree1 Bb5 28. Rxc8+
Kxc8 29. Rc1+ Kb8 30. Qf2 Nc6 31. Rd1 Ba4 32. Bc2 Bxc2 33. Qxc2 Rc8 34. Qd2 Rh8
35. Rc1 Qg6 36. Qc2 Qxc2 37. Rxc2 Ka7 38. Rc5 1/2-1/2

[Event "NB-Einzel Untergriesbach"]
[Site "Niederbayern"]
[Date "2013.04.05"]
[Round "4.10"]
[White "Seidl, Josef"]
[Black "Pauli, Anton"]
[Result "1/2-1/2"]
[WhiteElo "1258"]
[BlackElo "1133"]
[PlyCount "179"]
[EventDate "2013.04.??"]
[EventType "swiss"]
[EventRounds "7"]
[EventCountry "GER"]
[SourceDate "2015.06.26"]
[WhiteTeam "TSV Kreuzberg"]
[BlackTeam "SV Röhrnbach e.V."]
[WhiteTeamCountry "GER"]
[BlackTeamCountry "GER"]

1. Nf3 Nf6 2. c4 e6 3. b3 b6 4. Bb2 Bb7 5. e3 c5 6. d3 Nc6 7. Nbd2 d5 8. Be2
Be7 9. O-O O-O 10. a3 Qc7 11. Qc2 Rad8 12. cxd5 exd5 13. Ra2 Ba6 14. Re1 Bb7
15. Qb1 Ng4 16. d4 Bd6 17. Ne5 Ngxe5 18. dxe5 Nxe5 19. Bxe5 Bxe5 20. f4 Bf6 21.
Bf3 d4 22. e4 Qxf4 23. Nc4 Be5 24. Nxe5 Qxe5 25. Qd3 Rd6 26. a4 Rh6 27. g3 Kh8
28. a5 f5 29. Rae2 f4 30. g4 bxa5 31. Ra1 Ba6 32. Qd2 Bxe2 33. Qxe2 Qc7 34. Qc4
Rd8 35. Kg2 d3 36. h3 Rhd6 37. Qb5 Qb6 38. Qxa5 Qxa5 39. Rxa5 d2 40. Bd1 Re6
41. Kf3 g5 42. Rxc5 Rd7 43. Rxg5 Rde7 44. Ke2 Rxe4+ 45. Kxd2 Rd7+ 46. Kc2 Rc7+
47. Kb2 Re1 48. Rd5 Rf1 49. h4 Rf2+ 50. Ka3 h6 51. g5 hxg5 52. hxg5 Kg7 53. Rd6
Rf1 54. Be2 Rf2 55. Bc4 Rg2 56. Rf6 Rxg5 57. Rxf4 a5 58. Rf1 Rg3 59. Rf4 Ra7
60. Ka4 Rg1 61. Re4 Ra1+ 62. Kb5 a4 63. bxa4 R1xa4 64. Bd3 Rxe4 65. Bxe4 Re7
66. Bg2 Kf6 67. Kc5 Ke5 68. Kc6 Re6+ 69. Kc5 Rd6 70. Kc4 Rd4+ 71. Kc5 Rd2 72.
Bf3 Rc2+ 73. Kb6 Kd4 74. Kb5 Rc5+ 75. Kb4 Rc7 76. Kb5 Rc8 77. Bg4 Rc5+ 78. Kb6
Kd5 79. Bf3+ Kd6 80. Ka6 Kc7 81. Be4 Rc4 82. Bf3 Rb4 83. Bg2 Kd6 84. Ka5 Kc5
85. Ka6 Ra4+ 86. Kb7 Kd6 87. Kb6 Rg4 88. Bh1 Rg5 89. Bf3 Rc5 90. Bg2 1/2-1/2

[Event "NB-Einzel Untergriesbach"]
[Site "Niederbayern"]
[Date "2013.04.06"]
[Round "5.1"]
[White "Heyne, Martin"]
[Black "Heiduczek, Josef"]
[Result "1-0"]
[WhiteElo "2043"]
[BlackElo "2205"]
[PlyCount "49"]
[EventDate "2013.04.??"]
[EventType "swiss"]
[EventRounds "7"]
[EventCountry "GER"]
[SourceDate "2015.06.26"]
[WhiteTeam "DJK-SV Schaibing"]
[BlackTeam "SC Rottal"]
[WhiteTeamCountry "GER"]
[BlackTeamCountry "GER"]

1. d4 f5 2. Nf3 Nf6 3. g3 g6 4. Bg2 Bg7 5. O-O O-O 6. c4 d6 7. Nc3 Nc6 8. d5
Ne5 9. Nxe5 dxe5 10. e4 f4 11. gxf4 exf4 12. e5 Ng4 13. e6 Ne5 14. Qb3 f3 15.
Bh3 g5 16. Re1 Qe8 17. Bf1 Qh5 18. Ne4 b6 19. Ng3 Qg6 20. Bd2 h5 21. Bc3 Ng4
22. Bxg7 Kxg7 23. Qc3+ Nf6 24. Bd3 Qe8 25. Qe5 1-0

[Event "NB-Einzel Untergriesbach"]
[Site "Niederbayern"]
[Date "2013.04.06"]
[Round "5.2"]
[White "Mueller, Michael3"]
[Black "Theiß, Johann"]
[Result "1-0"]
[WhiteElo "2012"]
[BlackElo "1999"]
[PlyCount "85"]
[EventDate "2013.04.??"]
[EventType "swiss"]
[EventRounds "7"]
[EventCountry "GER"]
[SourceDate "2015.06.26"]
[WhiteTeam "SC Bayerwald Regen"]
[BlackTeam "SK Landau-Dingolfing"]
[WhiteTeamCountry "GER"]
[BlackTeamCountry "GER"]

1. e4 d5 2. exd5 Qxd5 3. Nf3 Nf6 4. Be2 e6 5. d4 a6 6. O-O Be7 7. c4 Qd8 8. Nc3
O-O 9. Bf4 c5 10. d5 exd5 11. cxd5 Bd6 12. Bg5 h6 13. Bh4 Bf5 14. Bd3 Bxd3 15.
Qxd3 Nbd7 16. Ne4 Ne5 17. Nxe5 Bxe5 18. Bxf6 Bxf6 19. Nxc5 Be5 20. Rac1 Rc8 21.
b4 Re8 22. g3 Rc7 23. Rc4 Bd6 24. Rfc1 Rce7 25. Kg2 Rc7 26. a3 Rce7 27. h4 Rc7
28. h5 Ree7 29. Qf5 Re5 30. Qg4 Qg5 31. Qxg5 Rxg5 32. Ne4 Rxc4 33. Rxc4 Rxd5
34. Rc8+ Bf8 35. Nc5 b6 36. Nxa6 Rd3 37. Nb8 f5 38. Nc6 Rxa3 39. Ne5 Ra7 40.
Ng6 Rf7 41. Kf3 Rf6 42. Kf4 Rf7 43. Rxf8+ 1-0

[Event "NB-Einzel Untergriesbach"]
[Site "Niederbayern"]
[Date "2013.04.06"]
[Round "5.3"]
[White "Zepke, Armin"]
[Black "Wimmer, Martin"]
[Result "1/2-1/2"]
[WhiteElo "2032"]
[BlackElo "1990"]
[PlyCount "35"]
[EventDate "2013.04.??"]
[EventType "swiss"]
[EventRounds "7"]
[EventCountry "GER"]
[SourceDate "2015.06.26"]
[WhiteTeam "SC Bayerwald Regen"]
[BlackTeam "DJK-SV Schaibing"]
[WhiteTeamCountry "GER"]
[BlackTeamCountry "GER"]

1. d4 d6 2. Bf4 Nf6 3. e3 Nbd7 4. Nf3 Nh5 5. Bg5 h6 6. Bh4 g5 7. Nfd2 Nhf6 8.
Bg3 Bg7 9. Be2 c5 10. c3 b6 11. Bf3 Rb8 12. a4 Bb7 13. Na3 Nf8 14. h4 Qd7 15.
Nac4 Ne6 16. hxg5 Nxg5 17. Bxb7 Rxb7 18. f3 1/2-1/2